<?xml version="1.0" encoding="UTF-8"?>
<record
    xmlns:xsi="http://www.w3.org/2001/XMLSchema-instance"
    xsi:schemaLocation="http://www.loc.gov/MARC21/slim http://www.loc.gov/standards/marcxml/schema/MARC21slim.xsd"
    xmlns="http://www.loc.gov/MARC21/slim">

  <leader>03453nam a22003737a 4500</leader>
  <controlfield tag="001">21761162</controlfield>
  <controlfield tag="005">20230330093631.0</controlfield>
  <controlfield tag="008">230330b        |||||||| |||| 00| 0 eng d</controlfield>
  <datafield tag="010" ind1=" " ind2=" ">
    <subfield code="a">  2020037277</subfield>
  </datafield>
  <datafield tag="020" ind1=" " ind2=" ">
    <subfield code="a">9780008464622</subfield>
    <subfield code="q">(hardcover)</subfield>
  </datafield>
  <datafield tag="040" ind1=" " ind2=" ">
    <subfield code="a">LBSOR/DLC</subfield>
    <subfield code="b">eng</subfield>
    <subfield code="c">KMU</subfield>
    <subfield code="e">rda</subfield>
    <subfield code="d">KMU</subfield>
  </datafield>
  <datafield tag="042" ind1=" " ind2=" ">
    <subfield code="a">pcc</subfield>
  </datafield>
  <datafield tag="043" ind1=" " ind2=" ">
    <subfield code="a">n-us-pa</subfield>
    <subfield code="a">n-us---</subfield>
  </datafield>
  <datafield tag="050" ind1="0" ind2="0">
    <subfield code="a">PS3608.U3234 Hud</subfield>
  </datafield>
  <datafield tag="100" ind1="1" ind2=" ">
    <subfield code="a">Hudes, Quiara Alegr&#xED;a,</subfield>
    <subfield code="e">author.</subfield>
  </datafield>
  <datafield tag="245" ind1="1" ind2="0">
    <subfield code="a">My broken language :</subfield>
    <subfield code="b">a memoir /</subfield>
    <subfield code="c">Quiara Alegr&#xED;a Hudes.</subfield>
  </datafield>
  <datafield tag="250" ind1=" " ind2=" ">
    <subfield code="a">First edition.</subfield>
  </datafield>
  <datafield tag="264" ind1=" " ind2="1">
    <subfield code="a">New York :</subfield>
    <subfield code="b">One World,</subfield>
    <subfield code="c">[2021]</subfield>
  </datafield>
  <datafield tag="300" ind1=" " ind2=" ">
    <subfield code="a">xi, 316 pages ;</subfield>
    <subfield code="c">22 cm</subfield>
  </datafield>
  <datafield tag="336" ind1=" " ind2=" ">
    <subfield code="a">text</subfield>
    <subfield code="b">txt</subfield>
    <subfield code="2">rdacontent</subfield>
  </datafield>
  <datafield tag="337" ind1=" " ind2=" ">
    <subfield code="a">unmediated</subfield>
    <subfield code="b">n</subfield>
    <subfield code="2">rdamedia</subfield>
  </datafield>
  <datafield tag="338" ind1=" " ind2=" ">
    <subfield code="a">volume</subfield>
    <subfield code="b">nc</subfield>
    <subfield code="2">rdacarrier</subfield>
  </datafield>
  <datafield tag="505" ind1="0" ind2=" ">
    <subfield code="a">A multilingual block in West Philly -- Spanish becomes a secret; language of the dead -- English is for atheism; language of woodworking -- A name that is a mask -- An English cousin comes to visit -- Language of the forest -- Latina health vocabulary from the late 80s -- Spanglish cousins on the New Jersey turnpike -- Body language -- Sophomore year English -- Things go unsaid long enough... -- Possession's voice -- Sedo buys me an upright; language of Bach -- Ta&#xED;no petroglyphs -- Lukum&#xED; thrones -- Silence=death -- Unwritten recipes -- Yoruba vocabulary -- A racial slur -- A book is its presence and absence -- Mom's accent -- Dad buys me a typewriter -- She said Norf Philly and one-two-free -- Atonality -- Fania everything and salsa out-of-prints -- The serenity prayer -- Sterling Library -- The Foraker Act (on Boriken's-and the diaspora's-language history) -- Gil-Scott Heron asks me a question -- Writing's a muscle, it gets stronger -- Broken language -- On obscenity -- Cold drink became a play -- Silence=death (d&#xE9;j&#xE0; vu all over again) -- The book of our genius.</subfield>
  </datafield>
  <datafield tag="520" ind1=" " ind2=" ">
    <subfield code="a">"Quiara Alegria Hudes was the sharp-eyed girl on the stairs while her family danced in her grandmother's tight South Philly kitchen, "frizzy hair cut short, bangs teased into stiff clouds, sweat glistening in the summer fog, pamper-butt babies weaving between legs." Quiara was awed by her aunts and uncles and cousins, but haunted by the secrets of the family and the unspoken stories of the barrio -- even as she tried to find her own voice in the sea of language around her, written and spoken, English and Spanish, bodies and books, Western art and sacred altars. Her family became her private pantheon, a gathering of powerful orishas with tragic wounds and she vowed to tell their stories--but first she'd have to get off the stairs and join the dance; she'd have to find her langauge. This is an inspired exploration of home, family, memory, and belonging, narrated by the obsessed girl who fought to become an artist so she could capture the world she loved in all its wild and delicate beauty"--</subfield>
    <subfield code="c">Provided by publisher.</subfield>
  </datafield>
  <datafield tag="600" ind1="1" ind2="0">
    <subfield code="a">Hudes, Quiara Alegr&#xED;a.</subfield>
  </datafield>
  <datafield tag="650" ind1=" " ind2="0">
    <subfield code="a">Hispanic American women dramatists</subfield>
    <subfield code="v">Biography.</subfield>
  </datafield>
  <datafield tag="650" ind1=" " ind2="0">
    <subfield code="a">Racially mixed people</subfield>
    <subfield code="z">Pennsylvania</subfield>
    <subfield code="z">Philadelphia</subfield>
    <subfield code="v">Biography.</subfield>
  </datafield>
  <datafield tag="650" ind1=" " ind2="0">
    <subfield code="a">Language and culture</subfield>
    <subfield code="z">America.</subfield>
  </datafield>
  <datafield tag="651" ind1=" " ind2="0">
    <subfield code="a">Philadelphia (Pa.)</subfield>
    <subfield code="v">Biography.</subfield>
  </datafield>
  <datafield tag="776" ind1="0" ind2="8">
    <subfield code="i">Online version:</subfield>
    <subfield code="a">Hudes, Quiara Alegr&#xED;a.</subfield>
    <subfield code="t">My broken language.</subfield>
    <subfield code="b">First edition</subfield>
    <subfield code="d">New York : One World, [2021]</subfield>
    <subfield code="z">9780399590054</subfield>
    <subfield code="w">(DLC)  2020037278</subfield>
  </datafield>
  <datafield tag="906" ind1=" " ind2=" ">
    <subfield code="a">7</subfield>
    <subfield code="b">cbc</subfield>
    <subfield code="c">orignew</subfield>
    <subfield code="d">1</subfield>
    <subfield code="e">ecip</subfield>
    <subfield code="f">20</subfield>
    <subfield code="g">y-gencatlg</subfield>
  </datafield>
  <datafield tag="942" ind1=" " ind2=" ">
    <subfield code="2">lcc</subfield>
    <subfield code="c">BK</subfield>
    <subfield code="n">0</subfield>
  </datafield>
  <datafield tag="999" ind1=" " ind2=" ">
    <subfield code="c">269</subfield>
    <subfield code="d">269</subfield>
  </datafield>
  <datafield tag="952" ind1=" " ind2=" ">
    <subfield code="0">0</subfield>
    <subfield code="1">0</subfield>
    <subfield code="2">lcc</subfield>
    <subfield code="4">0</subfield>
    <subfield code="7">0</subfield>
    <subfield code="8">NFIC</subfield>
    <subfield code="a">CPL</subfield>
    <subfield code="b">CPL</subfield>
    <subfield code="c">OA</subfield>
    <subfield code="d">2023-03-30</subfield>
    <subfield code="e">ZLS</subfield>
    <subfield code="l">1</subfield>
    <subfield code="o">PS 3608.U3234 Hud</subfield>
    <subfield code="p">300223</subfield>
    <subfield code="r">2024-04-27 00:00:00</subfield>
    <subfield code="s">2024-04-10</subfield>
    <subfield code="w">2023-03-30</subfield>
    <subfield code="y">BK</subfield>
  </datafield>
</record>
